00910 a2200193 4500003000500000005001700005010001600022020001500038040000900053082001700062100002200079245017600101260003700277300003300314505025900347650004900606650004400655710001700699Nust20221116132437.0 a 75020010 a0070066906 cNust00a621.3743,TOD1 aTodd, Carl David.14aThe potentiometer handbook :busers' guide to cost-effective applications /cwritten for Bourns, inc. by Carl David Todd ; associate editors, W. T. Hardison, W. E. Galvan. aNew York :bMcGraw-Hill,c[1975] axv, 300 p. :bill. ;c27 cm. aIntroduction to Potentiometers (Page-1), Electrical Parameters (Page-17), Application Fundamentals (Page-51), Application as a Circuit Adjustment Device (Page-77), Application as a Control Device (Page-97), Application as a Precision Device (Page-115).  0aElectric resistorsxHandbooks, manuals, etc. 0aPotentiometerxHandbooks, manuals, etc.2 aBourns, inc.